Statistics for Top 10 Countries with Covid-19 Cases - 26 April

Click here to take the quiz!

General Stats

  • This quiz has been taken 29 times
  • The average score is 11 of 16

Answer Stats

country% Correct
China
100%
United States
100%
Germany
92%
Italy
92%
United Kingdom
92%
Spain
88%
France
83%
Russia
79%
Portugal
63%
Belgium
58%
Iran
54%
Ireland
50%
Switzerland
50%
Turkey
46%
Singapore
17%
Qatar
8%

Score Distribution

Percentile by Number Answered

Percent of People with Each Score

Your Score History

You have not taken this quiz